| 000 | 00978nas a2200313 4500 | ||
|---|---|---|---|
| 001 | BR2015003635 | ||
| 003 | BR-BrBNA | ||
| 005 | 20231205125433.0 | ||
| 007 | ta | ||
| 008 | 230509b bl.|||p| |||| 00| 00por d | ||
| 040 |
_aBR-BrBNA _bpor _cBiblioteca Nacional de Agricultura |
||
| 041 | _a(En) | ||
| 072 | _aL74; L40 | ||
| 100 | 1 | _aSantos, D.C.M. dos | |
| 100 | 1 | _aCupertino, M. do C. | |
| 100 | 1 | _aMatta, L.P. da | |
| 100 | 1 | _aOliveira, J.A. de | |
| 100 | 1 | _aSantos,J.A.D. | |
| 245 | 1 | _aHistological alterations in liver and testis of Astyanax aff. bimaculatus caused by acute exposition to zinc | |
| 650 | _aLAMBARI DE RABO AMARELO | ||
| 650 | _aMETAL PESADO | ||
| 650 | _aCONTAMINAÇÃO | ||
| 650 | _aFÍGADO | ||
| 650 | _aHISTOPATOLOGIA | ||
| 650 | _aDISTÚRBIO FISIOLÓGICO | ||
| 773 | 0 |
_tRevista Ceres (Brazil) _xISSN 0034-737X _g(Mar-Apr 2015), v. 62(2) p. 133-141 _wBR2015003635 |
|
| 909 |
_a202311 _bLúcia _c55 _dLúcia Elande |
||
| 942 |
_2AGRIS _n0 _cANA |
||
| 999 |
_c244368 _d244368 |
||